MARC

LEADER 00000nam0a2200000 4500
001 311609
005 20231102002413.0
035 |a (RuTPU)RU\TPU\book\336974 
090 |a 311609 
100 |a 20151210d1982 km y0rusy50 ca 
101 1 |a rus  |c eng 
102 |a RU 
105 |a a z 001zy 
200 1 |a Жидкие кристаллы и биологические структуры  |e пер. с англ.  |f Г. Браун, Дж. Уолкен 
210 |a Москва  |c Мир  |d 1982 
215 |a 198 с.  |c ил. 
320 |a Библиогр. в конце ст. 
320 |a Дополнительная литература: с. 189-190 
320 |a Предм. указ.: с. 191-195 
606 1 |a Кристаллы жидкие  |x Физика  |2 stltpush  |3 (RuTPU)RU\TPU\subj\66387  |9 82544 
606 1 |a Клеточная теория  |2 stltpush  |3 (RuTPU)RU\TPU\subj\14520  |9 40895 
610 1 |a биологические структуры 
610 1 |a жидкокристаллические вещества 
610 1 |a жидкокристаллические свойства 
610 1 |a классификация 
610 1 |a оптические свойства 
610 1 |a молекулы 
610 1 |a живые системы 
610 1 |a рецепторы 
610 1 |a мембраны 
610 1 |a эффекторы 
610 1 |a применение 
610 1 |a медицина 
675 |a 532.78  |v 4 
675 |a 576.3ъ  |v 4 
700 1 |a Браун  |b Г. 
701 1 |a Уолкен  |b Дж. 
801 1 |a RU  |b 63413507  |c 20151210 
801 2 |a RU  |b 63413507  |c 20190930  |g RCR 
942 |c BK